00548nam a22001697a 450000500170000002000260001703500130004303700270005608200140008310000200009724500690011726000310018627000600021730000270027750000510030470000230035520170705103732.0 a9789332517080c265.00 aB-668080 bTechniz Books/Venadpl a 612.8076 aLing, Jonathan  aCognitive psychology /cby Jonathan Ling [and] Jonathan Catling  c2014aDelhibPearson India a11 Community Centre, Panchsheel ParkbNew Delhie110017 c24cm(pbk)axii,244p. : aIncludes bibliographical references and index aCatling, Jonathan